MARC details
| 000 -LEADER |
| fixed length control field |
05542cam a2200469 a 4500 |
| 001 - CONTROL NUMBER |
| control field |
ocm52127563 |
| 003 - CONTROL NUMBER IDENTIFIER |
| control field |
TZ-ArACH |
| 005 - DATE AND TIME OF LATEST TRANSACTION |
| control field |
20220304150505.0 |
| 008 - FIXED-LENGTH DATA ELEMENTS--GENERAL INFORMATION |
| fixed length control field |
010123s2001 enk b 000 0 eng |
| 010 ## - LIBRARY OF CONGRESS CONTROL NUMBER |
| LC control number |
2001086761 |
| 015 ## - NATIONAL BIBLIOGRAPHY NUMBER |
| National bibliography number |
GBA1-Z1113 |
| 020 ## - INTERNATIONAL STANDARD BOOK NUMBER |
| International Standard Book Number |
0754621545 |
| 020 ## - INTERNATIONAL STANDARD BOOK NUMBER |
| International Standard Book Number |
9780754621546 |
| 035 ## - SYSTEM CONTROL NUMBER |
| System control number |
(OCoLC)52127563 |
| Canceled/invalid control number |
(OCoLC)46332816 |
| -- |
(OCoLC)59545340 |
| -- |
(OCoLC)79143944 |
| 040 ## - CATALOGING SOURCE |
| Original cataloging agency |
DLC |
| Language of cataloging |
eng |
| Transcribing agency |
TZ-ArACH |
| Modifying agency |
CKX |
| -- |
BAKER |
| -- |
NLGGC |
| -- |
UKV3G |
| -- |
UKM |
| -- |
GUL |
| -- |
LVB |
| -- |
BTCTA |
| -- |
YDXCP |
| -- |
NYDWH |
| 041 ## - LANGUAGE CODE |
| Language code of text/sound track or separate title |
Eng |
| 049 ## - LOCAL HOLDINGS (OCLC) |
| Holding library |
TZAA |
| 050 00 - LIBRARY OF CONGRESS CALL NUMBER |
| Classification number |
KZ7288 |
| Item number |
.R658 |
| 082 00 - DEWEY DECIMAL CLASSIFICATION NUMBER |
| Classification number |
341.7/7 |
| Edition number |
21 |
| 100 ## - MAIN ENTRY--PERSONAL NAME |
| Personal name |
Politi,M. & Nesi, G. |
| 245 04 - TITLE STATEMENT |
| Title |
Rome Statute of the International Criminal Court: a challenge to impunity / |
| Remainder of title |
a challenge to impunity / |
| Statement of responsibility, etc |
edited by Mauro Politi, Giuseppe Nesi. |
| 260 ## - PUBLICATION, DISTRIBUTION, ETC. (IMPRINT) |
| Place of publication, distribution, etc |
Aldershot, Hants, England ; |
| -- |
Burlington, VT : |
| Name of publisher, distributor, etc |
Ashgate, |
| Date of publication, distribution, etc |
2001 |
| 300 ## - PHYSICAL DESCRIPTION |
| Extent |
xx, 319 p. ; |
| Dimensions |
23 cm. |
| 500 ## - GENERAL NOTE |
| General note |
Contains papers delivered at an international meeting held in Trento in May 1999. |
| 504 ## - BIBLIOGRAPHY, ETC. NOTE |
| Bibliography, etc |
Includes bibliographical references. |
| 505 0# - FORMATTED CONTENTS NOTE |
| Formatted contents note |
[pt. I.] The International Criminal Court: its main features. Some reflections on the Rome Conference / Giovanni Conso ; The Rome Statute of the ICC: rays of light and some shadows / Mauro Politi ; The experience of the preparatory committee / Adriaan Bos ; The International Criminal Court in perspective: from the Rome Conference to the years to come / John T. Holmes ; The International Criminal Court: the role of the Security Council / Elizabeth Wilmshurst ; The role of the Security Council and the independence of the International Criminal Court: some reflections / Nabil Elaraby ; The Rome Statute of the International Criminal Court: exceptions to the jurisdiction / Mahnoush H. Arsanjani ; The role of the prosecutor / Silvia A. Fernandez De Gurmendi ; The International Criminal Court: jurisdiction, trigger mechanism and relationship to national jurisdictions / Hans-Peter Kaul -- [pt. II.] The International Criminal Court and the international protection of human rights. Introductory remarks / Theodor Meron ; The Rome Statute of the International Criminal Court and human rights / Fausto Pocar ; Crimes against humanity and the Rome Statute of the International Criminal Court / Roger S. Clark ; War crimes in international armed conflicts / Gabriella Venturini ; War crimes and internal conflicts in the Statute of the International Criminal Court / Luigi Condorelli ; The protection of children's rights in the Statute of the International Criminal Court / John T. Holmes ; The status of the individual in the Statute of the International Criminal Court / Lamia Mekhemar ; State's crime and individuals' crimes: what relationship? / Giorgio Conetti -- [pt. III.] The international criminal justice system after the Rome Conference. The preventive and the repressive function of the International Criminal Court / Otto Triffterer ; The International Criminal Court and national jurisdictions / Flavia Lattanzi ; Follow up to Rome: preparing for entry into force of the Statute of the International Criminal Court / William A. Schabas ; Current political developments and their impact on the future of the International Criminal Court / Phani Dascalopoulou-Livada ; The obligation to cooperate with the International Criminal Court and states not party to the Statute / Giuseppe Nesi ; Observations on the appeal before the International Criminal Court / Patrizia De Cesari ; Some remarks on the settlement of disputes in the Rome Statute of the International Criminal Court / Francesca Trombetta-Panigadi ; The status of third states before the International Criminal Court / Gerhard Hafner ; Criminally protected legal interests at the international level after the Rome Statute / Lorenzo Picotti -- [pt. IV.] Prospects for the functioning of the International Criminal Court. Some practical remarks on the early functioning of the International Criminal Court / Tullio Treves ; Scenarios of implementation of the Statute of the International Criminal Court / W. Michael Reisman -- Round table: prospects for the functioning of the International Criminal Court / participants: Antonio Cassese, Philippe Kirsch, Béatrice Le Fraper du Hellen, Theodor Meron, Michael Reisman, Tullio Treves, interventions: Paolo Benvenuti, Annalisa Ciampi, Mauro Politi, Elisabeth Wilmshurst ; Conclusions / Francesco Paolo Fulci. |
| 610 20 - SUBJECT ADDED ENTRY--CORPORATE NAME |
| Corporate name or jurisdiction name as entry element |
International Criminal Court. |
| 9 (RLIN) |
10403 |
| 610 24 - SUBJECT ADDED ENTRY--CORPORATE NAME |
| Corporate name or jurisdiction name as entry element |
International Criminal Court. |
| Title of a work |
Rome Statute of the International Criminal Court (1998) |
| 9 (RLIN) |
10404 |
| 610 27 - SUBJECT ADDED ENTRY--CORPORATE NAME |
| Corporate name or jurisdiction name as entry element |
International Criminal Court. |
| 9 (RLIN) |
10405 |
| 630 00 - SUBJECT ADDED ENTRY--UNIFORM TITLE |
| Uniform title |
Rome Statute of the International Criminal Court |
| Date of treaty signing |
(1998) |
| 9 (RLIN) |
10406 |
| 630 06 - SUBJECT ADDED ENTRY--UNIFORM TITLE |
| Uniform title |
Statut de Rome de la Cour pénale internationale |
| Date of treaty signing |
(1998) |
| 9 (RLIN) |
10407 |
| 630 07 - SUBJECT ADDED ENTRY--UNIFORM TITLE |
| Uniform title |
Rome Statute of the International Criminal Court (1998) |
| Source of heading or term |
unbisn |
| 9 (RLIN) |
10408 |
| 650 #0 - SUBJECT ADDED ENTRY--TOPICAL TERM |
| Topical term or geographic name as entry element |
International criminal courts. |
| 9 (RLIN) |
10409 |
| 650 #6 - SUBJECT ADDED ENTRY--TOPICAL TERM |
| Topical term or geographic name as entry element |
Crimes contre l'humanité |
| General subdivision |
Congrès. |
| 9 (RLIN) |
10410 |
| 650 #6 - SUBJECT ADDED ENTRY--TOPICAL TERM |
| Topical term or geographic name as entry element |
Tribunaux criminels internationaux |
| General subdivision |
Congrès. |
| 9 (RLIN) |
10411 |
| 650 17 - SUBJECT ADDED ENTRY--TOPICAL TERM |
| Topical term or geographic name as entry element |
International Criminal Courts |
| 9 (RLIN) |
10412 |
| 700 1# - ADDED ENTRY--PERSONAL NAME |
| Personal name |
Politi, Mauro. |
| 9 (RLIN) |
10413 |
| 700 1# - ADDED ENTRY--PERSONAL NAME |
| Personal name |
Nesi, Giuseppe. |
| 9 (RLIN) |
10414 |
| 776 08 - ADDITIONAL PHYSICAL FORM ENTRY |
| Display text |
Online version: |
| Title |
Rome Statute of the International Criminal Court. |
| Place, publisher, and date of publication |
Aldershot, Hants, England ; Burlington, VT : Ashgate, c2001 (2002 printing) |
| Record control number |
(OCoLC)606542957 |
| 776 08 - ADDITIONAL PHYSICAL FORM ENTRY |
| Display text |
Online version: |
| Title |
Rome Statute of the International Criminal Court. |
| Place, publisher, and date of publication |
Aldershot, Hants, England ; Burlington, VT : Ashgate, c2001 (2002 printing) |
| Record control number |
(OCoLC)630884894 |
| 942 ## - ADDED ENTRY ELEMENTS (KOHA) |
| Source of classification or shelving scheme |
Library of Congress Classification |
| Koha item type |
Books |